[Event "Saint Louis Blitz 2017"]
[Site "Saint Louis"]
[Date "2017.08.18"]
[Round "16"]
[White "Anand, Viswanathan"]
[Black "Dominguez Perez, Leinier"]
[Result "0-1"]
[WhiteElo "2783"]
[BlackElo "2739"]
[Annotator "TA"]
[PlyCount "93"]
[EventDate "2017.??.??"]
[EventType "tourn"]
[EventCountry "USA"]
[SourceTitle "playchess.com"]
[Source "ChessBase"]
[SourceQuality "1"]

{[%evp 18,93,0,-31,-17,-27,-10,-20,0,0,0,0,-6,-6,0,-22,-10,-11,-11,-11,-16,-14,-14,-21,24,24,37,45,76,60,47,31,66,19,26,0,0,0,56,53,46,41,50,48,38,19,67,63,62,53,62,26,120,112,144,168,152,87,81,79,84,82,85,25,50,10,62,8,45,0,37,0,0,0,0,-710,-716,-29984]} 1. e4 e5 2. Nf3 Nc6 3. Bc4 Bc5 4. c3 Nf6 5. d3 O-O 6. Bg5 h6 {C54: Giuoco Piano: 4 c3 Nf6, main lines with 5 d4 and 5 d3} (6... Be7 7. Nbd2 d6 8. Bb3 h6 9. Bh4 Nh5 10. Bg3 Na5 11. Bc2 f5 12. exf5 Bxf5 13. d4 Bxc2 14. Qxc2 exd4 15. cxd4 {1-0 (25) Vachier Lagrave,M (2796)-So,W (2812) Paris 2017}) 7. Bh4 Be7 8. Bg3 d6 9. Nbd2 Na5 10. Bb5 {LiveBook: 4 Games} Nh5 11. O-O $146 ({Find the theoretical novelty and annotate with similar games:} 11. d4 Nxg3 12. hxg3 exd4 13. cxd4 d5 14. e5 {½-½ (53) Macieja,B (2616)-Georgiev,K (2666) Porto Carras 2011}) 11... Nxg3 12. hxg3 a6 (12... c6 $5 {[%cal Rc6b5]} 13. Ba4 b5 $11) 13. Ba4 b5 14. Bc2 c5 15. Re1 Be6 16. d4 Qc7 17. d5 Bd7 18. b3 Nb7 19. Qe2 Rfc8 20. a4 c4 {aiming for ...cxb3.} 21. b4 a5 22. axb5 axb4 {[#] Threatens to win with ...b3.} 23. cxb4 (23. b6 $5 Qd8 24. Rxa8 (24. Nxc4 Rxa1 25. Rxa1 Bb5 $11) (24. cxb4 c3 $11) 24... Rxa8 25. Nxc4 $14) 23... Bxb5 24. Rxa8 Rxa8 25. Nb1 (25. Bb3 $5) 25... Qb6 26. Nc3 Ra3 27. Qd2 Bd8 ({Black should play} 27... Bd7 $11) 28. Rb1 $1 $14 Qa6 29. Bd1 $1 Bb6 30. Be2 Bd7 31. Bf1 Ra1 32. Qb2 $1 ({Don't blunder} 32. b5 $2 Qa3 $19) 32... Rxb1 33. Nxb1 Nd8 34. Na3 {[#]} Bb5 (34... c3 $1 $11 {[%mdl 512]} 35. Bxa6 (35. Qxc3 Qa7 $11) 35... cxb2) 35. Qc3 Bd4 36. Qc1 Ba7 37. Nxb5 (37. Bxc4 $142 Bxc4 38. Nxc4) 37... Qxb5 $16 38. Qxc4 Qb6 39. Qa2 g6 40. Ne1 (40. Nh2 $16) 40... Kg7 41. Nd3 f5 (41... Qd4 $11) 42. Qc4 (42. exf5 $14 gxf5 43. Qc2) 42... Nf7 43. Kh2 {Black should prevent exf5.} h5 44. Be2 {Hoping for exf5.} fxe4 45. Qxe4 Qd8 46. f4 $2 {[%mdl 8192]} (46. b5 $11) 46... Qb6 $19 {( -> ...Qg1+)} 47. g4 {Precision: White = 48%, Black = 38%.} 0-1

[Event "Saint Louis Blitz 2017"]
[Site "Saint Louis"]
[Date "2017.08.18"]
[Round "16"]
[White "Le, Quang Liem"]
[Black "Navara, David"]
[Result "1-0"]
[WhiteElo "2739"]
[BlackElo "2737"]
[Annotator "TA"]
[PlyCount "73"]
[EventDate "2017.??.??"]
[EventType "tourn"]
[EventCountry "USA"]
[SourceTitle "playchess.com"]
[Source "ChessBase"]
[SourceQuality "1"]

{[%evp 28,73,22,0,53,31,29,10,52,49,89,77,181,170,171,19,10,16,23,33,33,0,95,92,79,82,93,94,89,81,418,151,151,152,149,149,147,149,153,149,221,223,208,173,158,123,664,656]} 1. Nf3 d5 2. d4 Nf6 3. c4 c6 4. Nc3 e6 5. e3 Nbd7 6. Qc2 Bd6 7. b3 O-O 8. Be2 b6 9. O-O Bb7 10. Bb2 Qe7 11. Rad1 Rad8 12. Rfe1 Rfe8 13. g3 {D45: Semi-Slav: 5 e3} (13. Bf1 e5 14. dxe5 Nxe5 15. Nxe5 Bxe5 16. cxd5 cxd5 17. Nb5 Rc8 18. Qb1 d4 19. h3 Ng4 20. hxg4 Qh4 21. f4 dxe3 22. Rxe3 Bxf4 23. Rh3 Qxh3 24. gxh3 Be3+ 25. Kh2 Bf4+ 26. Kg1 {½-½ (26) Wang,H (2698)-Ding,L (2781) Danzhou 2017}) 13... c5 14. cxd5 exd5 15. Bf1 {LiveBook: 37 Games. The position is equal.} Nf8 ({Black should try} 15... g6 $11) 16. Bg2 {[#]} Ne6 $146 ({Predecessor:} 16... Bb8 17. Nh4 g6 18. dxc5 bxc5 19. Na4 N8d7 20. Nf3 Rc8 {1-0 (39) Drozdovskij,Y (2627)-Belov,V (2595) Rijeka 2010}) 17. dxc5 bxc5 18. Nh4 {[%cal Bf3h4,Bh4f5,Bf5h6][%mdl 32]} Bb8 19. Nf5 Qd7 (19... Qf8 $16 {might work better.}) 20. Na4 $1 $18 d4 {Threatens to win with ...Bxg2.} 21. e4 $2 (21. Nxc5 $18 Nxc5 22. Bxd4 (22. Qxc5 Bxg2 23. Nxg7 Re5 $15) 22... Bxg2 23. Bxf6) 21... Rc8 $11 22. Bc1 g6 23. Nh6+ Kg7 24. Nb2 d3 (24... Nf4 $11 25. gxf4 Kxh6) 25. Nxd3 (25. Qc4 {feels hotter.} Nd4 26. Qxd3 Qc6 27. Nc4 Nxe4 28. Ng4) 25... Nd4 26. Qb2 {Black must now prevent Be3.} Bxe4 {[#]} 27. Nxc5 $1 {[%mdl 512]} Rxc5 28. Rxd4 Rxc1 $4 {[%mdl 8192]} (28... Bd5 $16 29. Red1 (29. Rxe8 Qxe8 30. Nf5+ gxf5 $11) 29... Be5) 29. Rxc1 $2 (29. Rxd7 $18 {is the precise move to win.} Rxe1+ 30. Bf1 Rxf1+ 31. Kxf1) 29... Be5 $16 30. Rxd7 Bxb2 31. Rxf7+ Kxh6 {[#]} 32. Re1 $1 Bc3 33. Re2 Bd4 {[#]} (33... a5 $16) 34. Bxe4 $1 $18 Rxe4 35. Kf1 {Rxe4 is the strong threat.} Rxe2 36. Kxe2 {And now Kd3 would win.} Ng4 $2 {[%mdl 8192]} (36... g5 $16 37. Rc7 Kg6) 37. Rf4 $1 {[%csl LRd4,LRg4] Precision: White = 58%, Black = 32%.} 1-0

[Event "Saint Louis Blitz 2017"]
[Site "Saint Louis"]
[Date "2017.08.18"]
[Round "17"]
[White "Caruana, Fabiano"]
[Black "Aronian, Levon"]
[Result "0-1"]
[WhiteElo "2807"]
[BlackElo "2799"]
[Annotator "TA"]
[PlyCount "94"]
[EventDate "2017.??.??"]
[EventType "tourn"]
[EventCountry "USA"]
[SourceTitle "playchess.com"]
[Source "ChessBase"]
[SourceQuality "1"]

{[%evp 25,94,0,0,0,0,0,0,0,0,-14,0,0,0,0,0,-5,1,-48,-14,-6,-8,-39,-33,-30,-14,-19,-16,-18,-21,-20,-20,-20,-22,-74,-62,-67,-65,-71,-1,-1,-6,-8,-8,-8,0,-61,-54,-66,-66,-81,-63,-143,-68,-412,-398,-378,-74,-105,-105,-250,-268,-388,-320,-303,-188,-350,-347,-656,-297,-1093,-514]} 1. Nf3 d5 2. c4 e6 3. b3 c5 4. g3 Nf6 5. Bg2 Be7 6. O-O O-O 7. e3 Nc6 8. Bb2 b6 9. Nc3 dxc4 10. bxc4 Bb7 11. Qe2 Qc7 12. Rac1 {A14: English Opening: 1...e6 with b3 by White} Rfd8 13. Rfd1 Na5 {[#] LiveBook: 3 Games} 14. Ne1 $146 {The position is equal.} ({Find the theoretical novelty and annotate with similar games:} 14. Nb5 Qc8 15. d4 a6 16. Na3 Qc7 17. Ne5 Bxg2 18. Kxg2 Rac8 19. Qf3 Nc6 20. Nxc6 Qxc6 21. Qxc6 Rxc6 {1-0 (78) Demuth,A (2545)-Kryvoruchko,Y (2710) Berlin 2015}) 14... Bxg2 15. Nxg2 Qb7 16. f4 a6 17. Ba1 Ne4 18. Nxe4 Qxe4 19. d3 Qg6 20. Rb1 Rab8 21. g4 f6 {[%cal Bf7f6,Bf6g5][%mdl 32]} 22. h4 b5 23. cxb5 axb5 24. h5 Qe8 25. g5 c4 26. h6 fxg5 27. Bxg7 Qg6 {[%cal Rc4d3]} 28. dxc4 Nxc4 29. Rxd8+ (29. Qg4 $1 $11) 29... Rxd8 $17 30. Rxb5 gxf4 31. exf4 {[#]} Rd2 ({Black should try} 31... Nd6 $1 $17 {[%cal Rd6b5]} 32. Rb4 Rc8) 32. f5 $1 $11 {[%cal Rf5g6]} Qxf5 $40 {[%mdl 128] Black is up to no good.} 33. Rxf5 {[%cal Re2e6]} Rxe2 34. Rf4 Nd6 {And now ...Nf5 would win.} 35. a4 (35. Rf2 $11 Re4 36. Rf4) 35... Nf5 $1 $15 36. Rg4 Kf7 37. Bh8 Ra2 38. Kf1 (38. Be5 $15) 38... Bc5 (38... Bd6 $17 {White must now prevent ...Bh2.} 39. Bg7 e5) 39. Ke1 $2 {[%mdl 8192] [#]} (39. Be5 $15) 39... Bf2+ $1 $19 40. Kd1 Be3 $2 (40... Bg3 $19 41. a5 Rxg2) 41. Ke1 Bd2+ 42. Kd1 (42. Kf1 $17) 42... Bxh6 43. Ke1 (43. a5 $142) 43... Bd2+ 44. Kd1 h5 45. Rc4 $2 (45. Re4 {only move.}) 45... Bg5 46. Rc7+ $2 (46. Rc2 Rxa4 47. Rb2) 46... Kg6 (46... Kg8 $142 47. Rc8+ Kh7) 47. Ne1 $2 (47. Rc2 Rxa4 48. Re2) 47... Rd2+ {Precision: White = 24%, Black = 52%.} 0-1

[Event "Saint Louis Blitz 2017"]
[Site "Saint Louis"]
[Date "2017.08.18"]
[Round "17"]
[White "Karjakin, Sergey"]
[Black "Le, Quang Liem"]
[Result "1-0"]
[WhiteElo "2773"]
[BlackElo "2739"]
[Annotator "TA"]
[PlyCount "109"]
[EventDate "2017.??.??"]
[EventType "tourn"]
[EventCountry "USA"]
[SourceTitle "playchess.com"]
[Source "ChessBase"]
[SourceQuality "1"]

{[%evp 20,109,12,7,11,7,9,12,14,-10,-1,-24,31,23,45,48,54,54,82,84,75,71,125,95,127,132,186,201,245,35,35,35,30,29,147,152,462,306,277,218,203,154,151,166,168,144,191,192,465,488,482,480,470,471,460,460,478,471,1209,1204,1151,820,12835,12835,12833,6514,12840,12839,12841,12841,12843,12843,12844,12844,12845,12845,12846,12846,12847,12846,12847,12847,12847,12847,12847,12847,12850,29990,12851,29993,12851,29994]} 1. e4 e5 2. Nf3 Nc6 3. Bc4 Bc5 4. O-O Nf6 5. d3 {[%cal Bd2d3,Bd3d4][%mdl 32]} O-O 6. h3 d6 7. c3 Ne7 {C54: Giuoco Piano: 4 c3 Nf6, main lines with 5 d4 and 5 d3} (7... a6 8. a4 Ba7 9. Re1 h6 10. Nbd2 Be6 11. Bxe6 fxe6 12. b4 Qe8 13. Nf1 Nh5 14. Be3 Bxe3 15. Rxe3 Nf4 {1-0 (63) Karjakin,S (2773)-So,W (2810) Saint Louis 2017}) 8. d4 Bb6 9. Bd3 Ng6 10. Re1 c6 11. Nbd2 {[%cal Bb1d2,Bd2f1,Bf1g3][%mdl 32] LiveBook: 12 Games} exd4 12. cxd4 d5 13. e5 Nh5 14. Nf1 Nhf4 15. Bxg6 $146 (15. Bxf4 $5 Nxf4 16. Qd2 Nxd3 17. Qxd3 $11) ({Predecessor:} 15. Bc2) 15... Nxg6 (15... fxg6 $11 16. Bd2 Ne6) 16. Bg5 $14 f6 17. exf6 gxf6 18. Bh6 Re8 19. Ng3 Rxe1+ 20. Qxe1 Kf7 (20... Qd7 $142) 21. Qe3 Qe7 22. Qd3 Bd7 (22... Kg8 $16 {is a better defense.}) 23. Re1 $18 Qb4 24. b3 $2 {[#]} (24. Nh5 $18) 24... Re8 $1 $14 {[%cal Re8e1]} 25. Rxe8 Kxe8 26. Nh5 Qe7 (26... Bd8 $11) 27. Bg7 $36 {[%mdl 2048] White is in control.} f5 $2 {[#]} (27... Bc7 $16 28. Qc2 (28. Nxf6+ Kd8 $16) (28. Bxf6 Qe4 $16) 28... b6) 28. Qd2 f4 29. Be5 Nxe5 30. Nxe5 Qg5 31. Nxf4 Bf5 32. Kh2 Be4 33. f3 {[%cal Bf2f3,Bf3e4][%mdl 32]} Bxd4 $2 (33... Bb1 {keeps fighting.} 34. g3 Qe7) 34. Qxd4 $18 Qxf4+ 35. g3 Qc1 36. fxe4 Qc2+ 37. Kg1 Qb1+ 38. Kg2 Qxa2+ (38... a5 $142 39. Kf3 Qxa2) 39. Qf2 Qxf2+ 40. Kxf2 dxe4 {[%mdl 4096] Endgame KN-KP} 41. Ke3 Ke7 42. Kxe4 Kd6 43. g4 b5 44. h4 a5 45. g5 a4 46. bxa4 bxa4 {KN-K3P} 47. h5 Ke7 48. Nc4 Ke6 49. Na3 c5 50. Nc4 Kf7 51. Kf5 Ke7 52. g6 hxg6+ 53. hxg6 {[%cal Bh5g6,Bg6g7][%mdl 32]} Kf8 54. Kf6 Kg8 55. g7 {Precision: White = 76%, Black = 27%.} 1-0

[Event "Saint Louis Blitz 2017"]
[Site "Saint Louis"]
[Date "2017.08.18"]
[Round "17"]
[White "Nepomniachtchi, Ian"]
[Black "Nakamura, Hikaru"]
[Result "1/2-1/2"]
[WhiteElo "2751"]
[BlackElo "2792"]
[Annotator "TA"]
[PlyCount "82"]
[EventDate "2017.??.??"]
[EventType "tourn"]
[EventCountry "USA"]
[SourceTitle "playchess.com"]
[Source "ChessBase"]
[SourceQuality "1"]

{[%evp 20,82,26,25,33,47,59,26,27,26,47,29,38,37,20,10,21,0,0,0,0,0,0,0,0,0,0,-50,110,106,96,120,152,43,61,0,0,15,75,0,0,0,71,0,100,-30,20,8,10,20,18,0,0,0,29,0,17,29,33,0,8,0,35,0,16]} 1. e4 c5 2. Nf3 d6 3. d4 cxd4 4. Nxd4 Nf6 5. Nc3 g6 6. Be3 Bg7 7. f3 O-O 8. Qd2 Nc6 9. O-O-O d5 10. Nxc6 bxc6 11. Bh6 {LiveBook: 48 Games} Qb6 {B76: Sicilian Dragon: Yugoslav Attack, 9 g4 and 9 0-0-0} (11... Rb8 12. Bxg7 Kxg7 13. exd5 cxd5 14. Nxd5 Nxd5 15. Qxd5 Qc7 16. Qc4 Qb7 17. Qd4+ Kg8 18. Bc4 Bf5 19. g4 {½-½ (80) Perunovic,M (2622)-Edouard,R (2636) Berlin 2015}) 12. h4 $146 ({Predecessor:} 12. e5 Nd7 13. Bxg7 Kxg7 14. h4 Rb8 15. b3 d4 16. Na4 Qb4 17. Qxd4 Qxd4 18. Rxd4 Nxe5 19. Nc5 {1-0 (35) Perez Rodriguez,L (2408)-Camino Carrio,N (2121) El Sauzal 2003}) 12... dxe4 {Threatens to win with ...Bxh6.} ({But not} 12... Rb8 13. b3 $15) 13. Bxg7 (13. h5 $5) 13... e3 {White has an edge.} 14. Qe1 Kxg7 15. Na4 (15. h5 $5) 15... Qc7 {Strongly threatening ...Qf4.} 16. Qxe3 h5 17. Bc4 Bf5 18. Rhe1 Qg3 19. Qg5 Qc7 20. Qe3 Qg3 21. Qg5 $36 {[%mdl 2048] White fights for an advantage.} Qc7 22. Nc5 Rad8 23. Qe3 Qg3 $2 (23... Rxd1+ $15 24. Rxd1 Qg3) 24. Rxd8 $16 Rxd8 {[#]} 25. Bxf7 $1 {[%mdl 512]} Qxh4 (25... Kxf7 26. Qxe7+) 26. Bb3 (26. Be6 $16 Nd5 27. Qg1) 26... Nd5 $14 27. Qe5+ (27. Qg1 $14) 27... Qf6 $11 28. Nb7 Rd7 (28... Qxe5 $11 29. Rxe5 Rc8) 29. Nc5 (29. Bxd5 $1 $16 Qxe5 30. Rxe5 Rxb7 31. Bxc6) 29... Rd8 30. Nb7 (30. Qh2 $11) 30... Rd7 $16 {[#]} 31. Nc5 (31. Bxd5 $1 $16 Qxe5 32. Rxe5 Rxb7 33. Bxc6) 31... Rd6 {[#]} (31... Rd8 $11 {keeps the balance.}) 32. Bxd5 (32. Qxf6+ $1 $16 exf6 33. g3) 32... Rxd5 33. Qe3 ({Don't go for} 33. Qxe7+ $2 Qxe7 34. Rxe7+ Kf6 $19) 33... Kf7 34. a3 a5 35. Ne4 Bxe4 $1 36. Qxe4 $11 {[%mdl 4096] Endgame KQR-KQR} Rd6 37. Kb1 Rd5 38. Qc4 Kg7 39. Qe4 Kf7 40. Qc4 Kg7 41. Qe4 Kf7 {Precision: White = 37%, Black = 70%.} 1/2-1/2

[Event "Saint Louis Blitz 2017"]
[Site "Saint Louis"]
[Date "2017.08.18"]
[Round "17"]
[White "Dominguez Perez, Leinier"]
[Black "Kasparov, Garry"]
[Result "0-1"]
[WhiteElo "2739"]
[BlackElo "2812"]
[Annotator "TA"]
[PlyCount "96"]
[EventDate "2017.??.??"]
[EventType "tourn"]
[EventCountry "USA"]
[SourceTitle "playchess.com"]
[Source "ChessBase"]
[SourceQuality "1"]

{[%evp 21,96,45,50,56,50,35,39,26,41,33,41,25,35,23,4,0,16,-14,-21,-59,-66,-100,-80,-97,-62,-101,-10,-85,-85,-89,-90,-81,-86,-83,-62,-214,-204,-208,-194,-243,-229,-224,-204,-201,-212,-219,-228,-247,-274,-516,-511,-523,-573,-563,-560,-1029,-977,-806,-945,-945,-853,-793,-776,-1405,-1453,-1626,-1453,-5065,-2164,-29980,-29981,-29983,-29984,-29985,-29986,-29987,-29988]} 1. e4 c5 2. Nf3 d6 3. d4 cxd4 4. Nxd4 Nf6 5. Nc3 a6 6. h3 e6 7. g4 h6 8. Bg2 g5 9. Be3 {B81: Sicilian Scheveningen: Keres Attack} Nbd7 10. Qe2 Ne5 11. O-O-O Nfd7 {LiveBook: 11 Games} 12. h4 {aiming for hxg5.} Rg8 $1 13. hxg5 hxg5 14. Kb1 b5 {[#]} 15. a3 $146 ({Find the theoretical novelty and annotate with similar games:} 15. f4 gxf4 16. Bxf4 Bb7 17. g5 Qa5 18. Rh7 O-O-O 19. a3 Kb8 20. Qf2 Rc8 21. Na2 Ka8 {½-½ (21) Kasimdzhanov,R (2681)-Sasikiran,K (2679) Evry 2008}) 15... Bb7 16. Bc1 Rc8 17. Rh3 Ng6 18. Bh1 {With the idea e5.} Nde5 19. Rg3 Be7 20. Na2 Rh8 21. Rc3 Rxc3 22. Nxc3 Qc7 23. Bg2 Qc4 (23... Nf4 $17 24. Qf1 Nxg4) 24. Qxc4 (24. Qe3 $1 $11) 24... bxc4 $17 25. f3 Rh2 $36 {[%mdl 2048] Black is really pushing.} 26. Bf1 Nf4 27. Be3 Bd8 28. Rd2 $2 ({Better is} 28. Na4 $15) 28... Rxd2 $19 29. Bxd2 Bb6 30. Bxf4 gxf4 31. Nce2 d5 32. exd5 Bxd5 33. Bg2 {[#]} Nxg4 $1 {[%mdl 512]} 34. Nxf4 {[#]} (34. fxg4 Bxg2) 34... Ne3 $1 (34... Bxd4 35. Nxd5 Ne5 36. Nc7+ Ke7 37. Nxa6 $11) 35. Nde2 $2 (35. c3 {keeps fighting.} Bb7 36. Nc2) 35... Nxg2 36. Nxg2 Bxf3 {[%mdl 4096] Endgame KBB-KNN} 37. Nef4 Ke7 38. Kc1 e5 {[%cal Be6e5,Be5e4][%mdl 32]} 39. Nh4 Be3+ ({Weaker is} 39... exf4 40. Nxf3 Kd6 41. Kd1 $17) 40. Kb1 Bxf4 41. Nxf3 {KB-KN} Ke6 42. b3 e4 43. Nd4+ Kd5 44. c3 Be5 45. bxc4+ Kxc4 {Black mates.} 46. Nf5 Kxc3 47. Kc1 Kd3 48. Kd1 e3 {Precision: White = 15%, Black = 77%.} 0-1

[Event "Saint Louis Blitz 2017"]
[Site "Saint Louis"]
[Date "2017.08.18"]
[Round "17"]
[White "Navara, David"]
[Black "Anand, Viswanathan"]
[Result "1/2-1/2"]
[WhiteElo "2737"]
[BlackElo "2783"]
[Annotator "TA"]
[PlyCount "65"]
[EventDate "2017.??.??"]
[EventType "tourn"]
[EventCountry "USA"]
[SourceTitle "playchess.com"]
[Source "ChessBase"]
[SourceQuality "1"]

{[%evp 24,65,28,6,14,12,23,16,48,0,0,-23,-20,-50,-7,-9,-5,-25,0,0,0,0,0,0,0,0,0,0,0,0,0,0,0,0,0,0,0,0,0,0,0,0,0,0]} 1. c4 c5 2. Nf3 Nc6 3. Nc3 Nf6 4. d4 cxd4 5. Nxd4 e6 6. a3 d5 7. cxd5 exd5 8. Bg5 Bc5 {A33: Symmetrical English: 2 Nf3 Nf6 3 d4 cxd4 4 Nxd4 e6 5 Nc3 Nc6} 9. e3 Bxd4 10. exd4 O-O (10... h6 11. Be3 O-O 12. Be2 Ne4 13. Rc1 Nd6 14. Nxd5 Nf5 15. Bf3 Be6 16. Nf4 Ncxd4 17. Bxd4 Nxd4 {½-½ (30) Karjakin,S (2767)-Kasimdzhanov,R (2706) Baku 2014}) 11. Be2 h6 12. Bh4 Qd6 13. Bg3 {LiveBook: 3 Games} Qe7 14. O-O Bf5 15. Re1 $146 ({Predecessor:} 15. Bh4 Qd6 16. Re1 {½-½ (33) Szymanski,R (2166)-Spiner,R (1800) ICCF email 2008}) 15... Qd7 16. Bf3 Rfe8 17. Be5 {[#] Black must now prevent Bxf6.} Ne4 18. Rc1 Nxe5 (18... Nxc3 {is interesting.} 19. Rxc3 f6 20. Bf4 Rxe1+ 21. Qxe1 Nxd4 22. Qd1 Nxf3+ 23. Qxf3 Rd8) 19. dxe5 {[%cal Rc3e4]} Rxe5 20. Nxe4 {Threatens to win with Nc5.} (20. Qd4 {seems wilder.} Rae8 21. Re3 b6 22. Rce1 f6 23. Nxe4 dxe4 24. Qxd7 Bxd7 25. Rxe4 Rxe4 26. Rxe4 Kf7 27. Rxe8 Bxe8 28. Bg4) 20... dxe4 (20... Rae8 {with more complications.} 21. Nf6+ gxf6 22. Rxe5 Rxe5 23. Qd2 Kg7) 21. Qxd7 {The position is equal.} Bxd7 22. Rxe4 Rxe4 23. Bxe4 Rc8 24. Rxc8+ Bxc8 $11 {[%mdl 4096] Endgame KB-KB} 25. f4 f6 26. Kf2 Kf7 27. Ke3 Ke7 28. Kd4 Kd6 29. b4 b6 30. g3 g5 31. Bf3 gxf4 32. gxf4 Bf5 33. Bd5 {Precision: White = 53%, Black = 72%.} 1/2-1/2

[Event "Saint Louis Blitz 2017"]
[Site "Saint Louis"]
[Date "2017.08.18"]
[Round "18"]
[White "Kasparov, Garry"]
[Black "Navara, David"]
[Result "1/2-1/2"]
[WhiteElo "2812"]
[BlackElo "2737"]
[Annotator "TA"]
[PlyCount "78"]
[EventDate "2017.??.??"]
[EventType "tourn"]
[EventCountry "USA"]
[SourceTitle "playchess.com"]
[Source "ChessBase"]
[SourceQuality "1"]

{[%evp 28,78,0,0,29,33,37,36,25,13,6,0,58,59,58,50,56,63,72,70,65,0,0,0,0,0,0,0,0,0,0,0,0,0,0,0,0,0,0,0,0,0,0,0,0,0,0,0,0,0,0,0,0]} 1. d4 Nf6 2. c4 e6 3. Nc3 Bb4 4. Qc2 O-O 5. a3 Bxc3+ 6. Qxc3 d6 7. Bg5 Nbd7 8. Nf3 b6 9. e3 Bb7 10. Nd2 Rc8 {E32: Nimzo-Indian: Classical (4 Qc2): 4...0-0} (10... c5 11. dxc5 Nxc5 12. b4 Ncd7 13. f3 Rc8 14. Be2 Ne5 15. Qb2 Ng6 16. Rc1 h6 17. Bxf6 Qxf6 18. Qxf6 gxf6 {1-0 (47) Carlsen,M (2855)-Topalov,V (2761) Leuven 2016}) 11. Bd3 c5 12. O-O h6 13. Bh4 cxd4 14. exd4 d5 15. b3 {LiveBook: 3 Games} Qc7 (15... g5 $5 16. Bg3 $8 dxc4 17. bxc4 Nd5 $14) 16. Rfe1 Nh5 $146 ({Predecessor:} 16... Rfe8 17. Bg3 Qc6 18. f3 Nh5 {1-0 (39) Schoen,A (2481)-Wozniak,K (2351) ICCF email 2006}) 17. f3 Rfe8 18. Rac1 dxc4 19. bxc4 e5 (19... Qf4 $11 20. Bf2 e5) 20. Bf5 $14 exd4 21. Qxd4 Bc6 22. Ne4 {[#] And now Nd6 would win.} Qf4 23. Bxd7 Bxd7 24. Bg3 ({White should try} 24. Qxd7 $14 Qxh4 25. Qb5 (25. Qxa7 Re6 $14)) 24... Nxg3 $11 {The position is equal.} 25. hxg3 Qc7 26. Nd6 Rxe1+ 27. Rxe1 Qc5 28. Qxc5 Rxc5 {[%mdl 4096] Endgame KRB-KRN} 29. Re7 Be6 30. Rxa7 Rc6 31. Ne4 Bxc4 (31... f5 $5 {[%cal Rf5e4]} 32. Nc3 Bxc4 $11) 32. g4 Be6 33. Kf2 Kh7 34. a4 Rc2+ 35. Kg3 Ra2 36. Nd6 Bb3 37. Ra6 Rxa4 38. Rxb6 Be6 39. Ne4 Ra7 {Precision: White = 86%, Black = 78%.} 1/2-1/2

[Event "Saint Louis Blitz 2017"]
[Site "Saint Louis"]
[Date "2017.08.18"]
[Round "18"]
[White "Aronian, Levon"]
[Black "Dominguez Perez, Leinier"]
[Result "1-0"]
[WhiteElo "2799"]
[BlackElo "2739"]
[Annotator "TA"]
[PlyCount "87"]
[EventDate "2017.??.??"]
[EventType "tourn"]
[EventCountry "USA"]
[SourceTitle "playchess.com"]
[Source "ChessBase"]
[SourceQuality "1"]

{[%evp 12,87,0,0,0,0,0,0,-7,-25,-21,-17,-10,-22,-13,-25,0,-23,0,0,0,-16,0,0,0,0,0,0,8,0,0,0,0,0,0,0,0,0,1,0,0,0,0,0,0,0,48,58,53,62,204,189,310,302,297,299,287,268,411,419,421,427,551,547,498,475,572,569,550,513,568,552,1294,1235,1462,1434,7023,6550]} 1. d4 d5 2. Bf4 Bf5 3. e3 e6 4. Nf3 Bd6 5. Bg3 Nf6 6. c4 {D02: 1 d4 d5 2 Nf3 sidelines, including 2...Nf6 3 g3 and 2...Nf6 3 Bf4} O-O 7. Nc3 {LiveBook: 3 Games} dxc4 (7... c6 8. Bd3 Bxd3 9. Qxd3 a5 10. e4 Nxe4 11. Nxe4 dxe4 12. Qxe4 Bb4+ 13. Ke2 {1-0 (55) Radjabov,T (2724)-Morozevich,A (2731) Dubai 2014}) 8. Bxc4 {The position is equal.} c5 $146 ({Predecessor:} 8... Bxg3 9. hxg3 Nbd7 10. O-O c5 11. Qe2 cxd4 12. Nxd4 {0-1 (34) Casagua,M (1985)-Remicio Duque,J (2093) Caqueta 2016}) 9. d5 {[#] Black must now prevent dxe6.} exd5 10. Nxd5 (10. Bxd5 $5 {[%cal Rg3d6]} Bxg3 11. hxg3 Nxd5 12. Qxd5 Qxd5 13. Nxd5 $11) 10... Bxg3 11. hxg3 Nc6 12. Nc3 Qe7 13. O-O Rad8 14. Qe2 Ne5 15. Nxe5 Qxe5 16. Rad1 Bg4 17. f3 {[#] Threatens to win with Rxd8.} Qxg3 18. Bxf7+ Kxf7 19. fxg4 Kg8 20. Ne4 Nxe4 21. Rxd8 Rxd8 22. Qc4+ Kh8 23. Qxe4 $40 {[%mdl 4224] Endgame KQR-KQR. White attacks.} h6 24. Qe7 Rc8 25. Rf4 (25. g5 $5 Qxg5 26. Qxg5 hxg5 27. Rf7 $14) 25... b6 26. b3 Rg8 27. a4 a6 28. Kf1 Qh2 29. Kf2 Qh1 30. g5 {aiming for gxh6.} Qa1 (30... Qc1 $14) 31. gxh6 $18 Qb2+ (31... gxh6 {is a better defense.} 32. Qf6+ Qxf6 33. Rxf6 Rb8 34. Rxh6+ Kg7) 32. Kf3 gxh6 {[%csl Gg8][%cal Rb2g2]} 33. Qf6+ Qxf6 34. Rxf6 {KR-KR} b5 (34... Kh7 $142 35. Rxb6 a5) 35. Rxh6+ Kg7 36. Rxa6 {White is clearly winning.} bxa4 37. Rxa4 {Strongly threatening Rg4+.} Rb8 38. Ra5 Rc8 39. g4 {[%cal Bg2g4,Bg4g5][%mdl 32]} Kf6 40. Kf4 Ke6 41. g5 Kd5 42. b4 {Rxc5+ would kill now.} Rf8+ 43. Kg4 Ke4 44. Rxc5 {Precision: White = 74%, Black = 35%.} 1-0